| 000 -LEADER |
| fixed length control field |
00785nam a2200205Ia 4500 |
| 001 - CONTROL NUMBER |
| control field |
2419 |
| 003 - CONTROL NUMBER IDENTIFIER |
| control field |
GE_BSU |
| 008 - FIXED-LENGTH DATA ELEMENTS--GENERAL INFORMATION |
| fixed length control field |
181216s||||||||xx |||||||||||||| ||und|| |
| 040 ## - CATALOGING SOURCE |
| Transcribing agency |
GE_BSU |
| 080 ## - UNIVERSAL DECIMAL CLASSIFICATION NUMBER |
| Universal Decimal Classification number |
339.543 |
| 100 ## - MAIN ENTRY--PERSONAL NAME |
| Personal name |
/ურიდია, გონერ; რუხაია, ფრიდონ; ბაკურიძე, ალი |
| 245 ## - TITLE STATEMENT |
| Title |
საქართველოს საბაჟო კოდექის კომენტარები. |
| 245 ## - TITLE STATEMENT |
| Statement of responsibility, etc. |
[რედ. დარჩიაშვილი გივი] |
| 260 ## - PUBLICATION, DISTRIBUTION, ETC. |
| Place of publication, distribution, etc. |
თბილისი |
| 260 ## - PUBLICATION, DISTRIBUTION, ETC. |
| Date of publication, distribution, etc. |
2007 |
| 300 ## - PHYSICAL DESCRIPTION |
| Extent |
398 გვ. |
| 653 ## - INDEX TERM--UNCONTROLLED |
| Uncontrolled term |
საქართველოს საბაჟო კოდექის კომენტარები. |
| 942 ## - ADDED ENTRY ELEMENTS (KOHA) |
| Koha item type |
წიგნი |